000 00432nam a2200193Ia 4500
005 20240823035333.0
008 240823s9999||||xx |||||||||||||| ||und||
020 _a0-415-32508-0
041 _aENGLISH
082 _A149.73 Q0
100 _aRussell.
245 0 _aRussell Sceptical Essays
250 _a1st
260 _c2010
_bLondan and Ne
500 _aYES
650 _aEssays
_bGeneral
942 _cBK
999 _c200441
_d200441